000 00656nam a22002177a 4500
003 UA-OsUOA
001 111531
007 ta
008 20150525b un ||||| |||| 00| 0 ukr d
100 _aПанікарський А.В.
090 _a902
_bП16
942 _cSA
040 _aUA-OsUOA
_bukr
_cUA-OsUOA
_dUA-OsUOA
245 _aСписи та дротики ранніх слов'ян: функціональна класифікація
300 _aС.39-51
955 _a0
041 _aukr
080 _a902
773 0 _w111526
_tАрхеологія
_dК.
_d2015
_g1
650 7 _a9 Географія. Біографії. Історія
_2UDC
999 _c397643
_d397643